000 00321nam a22001337a 4500
008 170424b xxu||||| |||| 00| 0 eng d
020 _a9780471415756
041 _aeng
080 _24TH
_a54
100 _a12
101 _aSHM
245 _aTHE EXTRAORDINARY CHEMISTRY OF ORDINARY THINGS
_cSNYDER, C.H
942 _2udc
_cBK
999 _c11622
_d11622